<?xml version="1.0" encoding="UTF-8"?>
<record
    xmlns:xsi="http://www.w3.org/2001/XMLSchema-instance"
    xsi:schemaLocation="http://www.loc.gov/MARC21/slim http://www.loc.gov/standards/marcxml/schema/MARC21slim.xsd"
    xmlns="http://www.loc.gov/MARC21/slim">

  <leader>00885nam a22002537a 4500</leader>
  <controlfield tag="005">20170123162357.0</controlfield>
  <datafield tag="010" ind1=" " ind2=" ">
    <subfield code="a">B-098285</subfield>
  </datafield>
  <datafield tag="020" ind1=" " ind2=" ">
    <subfield code="c">120.00</subfield>
  </datafield>
  <datafield tag="035" ind1=" " ind2=" ">
    <subfield code="a">B-098285</subfield>
  </datafield>
  <datafield tag="037" ind1=" " ind2=" ">
    <subfield code="b">Cen Lib/Ret</subfield>
  </datafield>
  <datafield tag="040" ind1=" " ind2=" ">
    <subfield code="a">DPL</subfield>
    <subfield code="b">UR</subfield>
  </datafield>
  <datafield tag="082" ind1=" " ind2=" ">
    <subfield code="a">270</subfield>
    <subfield code="2">&#x639; &#x628; &#x62F; </subfield>
  </datafield>
  <datafield tag="100" ind1=" " ind2=" ">
    <subfield code="a">&#x639;&#x628;&#x62F; &#x627;&#x644;&#x631;&#x651;&#x634;&#x64A;&#x62F; </subfield>
    <subfield code="9">108592</subfield>
  </datafield>
  <datafield tag="245" ind1=" " ind2=" ">
    <subfield code="a">&#x627;&#x633;&#x644;&#x627;&#x645; &#x627;&#x648;&#x631; &#x62A;&#x639;&#x645;&#x64A;&#x631; &#x634;&#x62E;&#x635;&#x651;&#x64A;&#x62A; </subfield>
    <subfield code="c">&#x639;&#x628;&#x62F; &#x627;&#x644;&#x631;&#x651;&#x634;&#x64A;&#x62F; </subfield>
  </datafield>
  <datafield tag="246" ind1=" " ind2=" ">
    <subfield code="a">ISLAM AUR TAMEER-E-SHAKHSIYAT  / </subfield>
    <subfield code="b">by Abdul Rasheed</subfield>
  </datafield>
  <datafield tag="260" ind1=" " ind2=" ">
    <subfield code="a">&#x646;&#x626; &#x62F;&#x6C1;&#x644;&#x6CC;  </subfield>
    <subfield code="b">&#x645;&#x6A9;&#x62A;&#x628;&#x6C1; &#x627;&#x644;&#x62D;&#x633;&#x646;&#x627;&#x62A; </subfield>
    <subfield code="c">2004</subfield>
  </datafield>
  <datafield tag="270" ind1=" " ind2=" ">
    <subfield code="a">2241&#x60C; &#x6A9;&#x648;&#x62C;&#x6C1; &#x686;&#x64A;&#x644;&#x627;&#x646; </subfield>
    <subfield code="b">   &#x62F;&#x6C1;&#x644;&#x6CC; </subfield>
    <subfield code="e">110006</subfield>
  </datafield>
  <datafield tag="300" ind1=" " ind2=" ">
    <subfield code="a">302&#x635;</subfield>
    <subfield code="c">20cm(Hb)</subfield>
  </datafield>
  <datafield tag="650" ind1=" " ind2=" ">
    <subfield code="a"> &#x627;&#x631;&#x62F;&#x648; &#x627;&#x62F;&#x628;</subfield>
    <subfield code="v"> </subfield>
    <subfield code="9">143472</subfield>
  </datafield>
  <datafield tag="650" ind1=" " ind2=" ">
    <subfield code="a">&#x627;&#x631;&#x62F;&#x648; -- &#x631;&#x648;&#x645;&#x627;&#x646;&#x648;&#x6CC; &#x632;&#x628;&#x627;&#x646;&#x648;&#x6BA; &#x6A9;&#x6D2; &#x627;&#x62F;&#x628;</subfield>
    <subfield code="9">135016</subfield>
  </datafield>
  <datafield tag="650" ind1=" " ind2=" ">
    <subfield code="a">Urdu literature</subfield>
    <subfield code="9">143473</subfield>
  </datafield>
  <datafield tag="650" ind1=" " ind2=" ">
    <subfield code="a">Literatures of Romance languages</subfield>
    <subfield code="9">135018</subfield>
  </datafield>
  <datafield tag="942" ind1=" " ind2=" ">
    <subfield code="2">ddc</subfield>
    <subfield code="c">UR</subfield>
    <subfield code="h">270.41</subfield>
    <subfield code="m">&#x639; &#x628; &#x62F; </subfield>
  </datafield>
  <datafield tag="999" ind1=" " ind2=" ">
    <subfield code="c">109611</subfield>
    <subfield code="d">109611</subfield>
  </datafield>
  <datafield tag="952" ind1=" " ind2=" ">
    <subfield code="0">0</subfield>
    <subfield code="1">0</subfield>
    <subfield code="4">0</subfield>
    <subfield code="7">0</subfield>
    <subfield code="a">L</subfield>
    <subfield code="b">L</subfield>
    <subfield code="d">2016-04-12</subfield>
    <subfield code="e">DPL</subfield>
    <subfield code="g">120.00</subfield>
    <subfield code="l">0</subfield>
    <subfield code="o">270.41 &#x639; &#x628; &#x62F; </subfield>
    <subfield code="p">B-098285</subfield>
    <subfield code="r">2016-04-12 00:00:00</subfield>
    <subfield code="w">2016-04-12</subfield>
    <subfield code="y">UR</subfield>
  </datafield>
</record>
